| 000 | 00363nam a2200145Ia 4500 | ||
|---|---|---|---|
| 008 | 230711s9999||||xx |||||||||||||| ||und|| | ||
| 041 | _aENG | ||
| 082 |
_a624 _bSH-P |
||
| 100 | _aSharma,P.C | ||
| 245 | 2 | _aA textbook of power plant engineering | |
| 250 | _a5th | ||
| 260 |
_c1994 _aNew Delhi _bS.K Kataria & Sons |
||
| 650 | _aElectrical Engineering | ||
| 942 | _cBK | ||
| 999 |
_c2627 _d2627 |
||